Die Zeit gibt die Bilder (Record no. 9065)
[ view plain ]
| 000 -CABECERA | |
|---|---|
| campo de control de longitud fija | 00930nam a2200265 a 4500 |
| 001 - NÚMERO DE CONTROL | |
| campo de control | BRL_252 |
| 005 - FECHA Y HORA DE LA ÚLTIMA TRANSACCIÓN | |
| campo de control | 20190320210644.0 |
| 008 - DATOS DE LONGITUD FIJA--INFORMACIÓN GENERAL | |
| campo de control de longitud fija | 080713s1992----au-o######---#000-0#ger-# |
| 020 ## - NÚMERO INTERNACIONAL ESTÁNDAR DEL LIBRO | |
| Número Internacional Estándar del Libro | 3900467307 |
| 041 ## - CÓDIGO DE LENGUA | |
| Código de lengua del texto/banda sonora o título independiente | ger |
| 044 ## - CÓDIGO DEL PAÍS DE LA ENTIDAD EDITORA/PRODUCTORA | |
| Código MARC del país | au |
| 050 #4 - SIGNATURA TOPOGRÁFICA DE LA BIBLIOTECA DEL CONGRESO | |
| Número de clasificación | PT3818 |
| Número de documento/Ítem | .Z45 1992 |
| 245 10 - MENCIÓN DE TÍTULO | |
| Título | Die Zeit gibt die Bilder |
| Resto del título | Schriftsteller, die Österreich zur Heimat hatten |
| Mención de responsabilidad, etc. | fotografiert von Alisa Douer ; herausgegeben von Ursula Seeber in Zusammenarbeit mit Evelyne Polt-Heinzl. |
| 260 ## - PUBLICACIÓN, DISTRIBUCIÓN, ETC. | |
| Lugar de publicación, distribución, etc. | Viena, Austria |
| Nombre del editor, distribuidor, etc. | Zirkular |
| Fecha de publicación, distribución, etc. | 1992 |
| 300 ## - DESCRIPCIÓN FÍSICA | |
| Extensión | 158 p. |
| Otras características físicas | il. |
| Dimensiones | 30 cm. |
| Material acompañante/anejo | folleto y hojas sueltas |
| 500 ## - NOTA GENERAL | |
| Nota general | Au290 |
| 650 14 - PUNTO DE ACCESO ADICIONAL DE MATERIA--TÉRMINO DE MATERIA | |
| Término de materia o nombre geográfico como elemento de entrada | Autores austriacos |
| Subdivisión de forma | Biografías |
| Subdivisión cronológica | Siglo XX |
| 9 (RLIN) | 23361 |
| 650 14 - PUNTO DE ACCESO ADICIONAL DE MATERIA--TÉRMINO DE MATERIA | |
| Término de materia o nombre geográfico como elemento de entrada | Autores austriacos |
| Subdivisión de forma | Biografías |
| Subdivisión geográfica | Viena, Austria |
| 9 (RLIN) | 23362 |
| 651 #4 - PUNTO DE ACCESO ADICIONAL DE MATERIA--NOMBRE GEOGRÁFICO | |
| Nombre geográfico | Austria |
| Subdivisión de forma | Biografías |
| 9 (RLIN) | 23363 |
| 700 1# - PUNTO DE ACCESO ADICIONAL--NOMBRE DE PERSONA | |
| Nombre de persona | Douer, Alisa |
| Término indicativo de función/relación | il. |
| 9 (RLIN) | 23364 |
| 700 1# - PUNTO DE ACCESO ADICIONAL--NOMBRE DE PERSONA | |
| Nombre de persona | Seeber, Ursula |
| 9 (RLIN) | 23365 |
| 700 1# - PUNTO DE ACCESO ADICIONAL--NOMBRE DE PERSONA | |
| Nombre de persona | Polt-Heinzl, Evelyne |
| 9 (RLIN) | 23366 |
| 902 ## - CATALOGADOR | |
| Iniciales | GRL |
| 942 ## - ELEMENTOS DE PUNTO DE ACCESO ADICIONAL (KOHA) | |
| Fuente del sistema de clasificación o colocación | Library of Congress Classification |
| Tipo de ítem Koha | Libros |
| Estado de retiro | Estado de pérdida | Estado dañado | No para préstamo | Localización permanente | Ubicación/localización actual | Fecha de adquisición | Número de inventario | Total de préstamos | Signatura topográfica completa | Código de barras | Fecha visto por última vez | Precio válido a partir de | Tipo de ítem Koha |
|---|---|---|---|---|---|---|---|---|---|---|---|---|---|
| El ejemplar forma parte de la colección y puede ser consultado según las políticas vigentes. | Biblioteca Centro de Estudios Ruth D. Lechuga | Biblioteca Centro de Estudios Ruth D. Lechuga | 08/07/2013 | Au290 | PT3818 .Z45 1992 (Au290) | GRL00268 | 22/03/2019 | 22/03/2019 | Libros |